000 00482nam a2200181Ia 4500
008 240925s9999 xx 000 0 und d
020 _a131902083
082 _a658.8 KOT
100 _aKotler, Philip ; Armstrong, Gary
245 0 _aPrinciples of Marketing
250 _a7th
260 _aNew Jersey:
_bPrintice- Hall Int.
_c,1996.
300 _axvii,542p.
_bNA
_fOriginal
500 _aIncludes Index
600 _aEngineering Technology
650 _aManagement
942 _cBK
999 _c5223
_d5223